000 00368nam a2200157Ia 4500
005 20240807061937.0
008 240806s9999||||xx |||||||||||||| ||eng||
041 _aeng
082 _a305.420954
_bKUMS
100 _aRadha Kumar
245 0 _aIstri sangharsh ka itihash /
_cRadha Kumar
260 _bVani Prakashan
300 _a375p.
650 _aHindi
942 _cBK
999 _c3675
_d3675